00858cam a22002651 4500001001300000003000400013005001700017008004100034010001700075025001900092035001800111040003700129042001200166043001200178050002000190082001200210100006600222245010800288250001100396260006100407300005100468504002900519651002700548999001700575sa 67000255 DLC20260227112313.0730705s1966 ii bf b 000 0 eng  asa 67000255  aPL480:I-E-6761 a(OCoLC)652038 aDLCcOWibfUdOCoLCdNBrockUdDLC apremarc aa-ii---00aDS484b.N5 1966 a954.8022 aNilakanta Sastri, K. A.q(Kallidaikurichi Aiyah),d1892-1975.12aA history of South India from prehistoric times to the fall of Vijayanagarc[by] K.A. Nilakanta Sastri. a3d ed. a[Madras]bIndian Branch, Oxford University Press,c1966. axiv, 520 p.bcol. map, plates (1 col.)c22 cm. aIncludes bibliographies. 0aIndia, SouthxHistory. c71857d71857